000 01182 a2200193 4500
003 Nust
005 20170207171638.0
040 _cNust
082 _a050
100 _aCommand and Staff College (Quetta, Pakistan)
245 _aThe Citadel :
_bprofessional magazine of the Command and Staff College - No. 1/2006
_cCommand and Staff College (Quetta, Pakistan)
260 _aQuetta,Pakistan
_bComdt and Staff Press Quetta
_c2006
300 _a80p.:
490 _aVol. XXIV
505 _aLetter (Page-4) A Vision for Pakistan Army by Col Muhammad Tariq Aslam (Page-14) Air Assault Operations in Low Intensity Conflict Lt Col Najeeb Ahmad (Page-22) Need of Re- Writing Definition in Pakistan Army Capt Farhan Shahid Khan (page-28) South Asian Instability – Role Pakistan Can Play Col Wajahat Nazir (Page-36) The Impact of Independent Power Product (IPPPs) on Pakistan’s Economy by Col Akhtar Jamil Rao (Page-48) Directed Energy Weapons the Next Military Technical Revolution in the Conduct of Military Operation by Lt Col Anjum Saeed Khan
538 _aAlmirah No.137 Shelf No.6
650 _aPakistan. -- Army -- Periodicals
651 _aPakistan -- Military policy -- Periodicals.
942 _cMAGS
999 _c218019
_d218019